[Event "Hradec Kralove Region-chT 2223"]
[Site "Czech Republic"]
[Date "2023.04.02"]
[Round "11.4"]
[White "Semerak, Pavel"]
[Black "Matonoha, Ctirad"]
[Result "0-1"]
[WhiteElo "1989"]
[BlackElo "1988"]
[PlyCount "30"]
[EventDate "2022.10.09"]
[EventType "team-tourn"]
[EventRounds "11"]
[EventCountry "CZE"]
[SourceTitle "EXT 2024"]
[Source "ChessBase"]
[SourceDate "2023.10.10"]
[SourceVersion "1"]
[SourceVersionDate "2023.10.10"]
[SourceQuality "1"]

1. e4 e5 2. Nf3 Nf6 3. Nc3 Nc6 4. Bc4 Be7 5. d4 exd4 6. Nxd4 d6 7. 0-0 0-0 8. Re1 Ne5 9. Bb3 c5 10. Nde2 c4 11. f4 cxb3 12. fxe5 bxc2 13. Qxc2 dxe5 14. h3 Bc5+ 15. Kh2 Ng4+ 0-1

[Event "Janske Lazne op"]
[Site "Janske Lazne"]
[Date "2013.05.12"]
[Round "8"]
[White "Matonoha, Ctirad"]
[Black "Chalupecky, Vladimir"]
[Result "1-0"]
[WhiteElo "2029"]
[BlackElo "1970"]
[PlyCount "53"]
[EventDate "2013.05.07"]
[EventType "swiss"]
[EventRounds "8"]
[EventCountry "CZE"]
[SourceTitle "CBM 154 Extra"]
[Source "ChessBase"]
[SourceDate "2013.06.25"]
[SourceVersion "2"]
[SourceVersionDate "2013.06.25"]
[SourceQuality "1"]

1. d4 d6 2. e4 Nf6 3. Nc3 Nbd7 4. Nf3 e5 5. Bc4 Be7 6. 0-0 c6 7. a4 a5 8. h3 0-0 9. Qe2 Qc7 10. Rd1 b6 11. Bg5 exd4 12. Rxd4 Ne5 13. Rd2 Nxc4 14. Qxc4 Ba6 15. Qd4 Rfd8 16. Rad1 h6 17. Bh4 g5 18. Bg3 Ne8 19. Qe3 f6 20. Nd4 Ng7 21. Nf5 Nxf5 22. exf5 Bc8 23. Ne4 Bxf5 24. Nxd6 Bxd6 25. Rxd6 Re8 26. Qc3 Be4 27. Rd7 1-0

[Event "Janske Lazne op"]
[Site "Janske Lazne"]
[Date "2013.05.08"]
[Round "2"]
[White "Matonoha, Ctirad"]
[Black "Karlik, Vladimir"]
[Result "0-1"]
[WhiteElo "2029"]
[BlackElo "2297"]
[PlyCount "86"]
[EventDate "2013.05.07"]
[EventType "swiss"]
[EventRounds "8"]
[EventCountry "CZE"]
[SourceTitle "CBM 154 Extra"]
[Source "ChessBase"]
[SourceDate "2013.06.25"]
[SourceVersion "2"]
[SourceVersionDate "2013.06.25"]
[SourceQuality "1"]

1. e4 g6 2. d4 Bg7 3. Nf3 d6 4. Nc3 c6 5. a4 Nf6 6. Be2 0-0 7. 0-0 Qc7 8. Bf4 Nh5 9. Be3 e5 10. Qd2 Re8 11. Rad1 Nd7 12. dxe5 dxe5 13. Qd6 Qxd6 14. Rxd6 Bf8 15. Rd2 Nhf6 16. Bc4 h6 17. Rfd1 Nc5 18. Rd8 Bg4 19. Rxa8 Rxa8 20. h3 Bxf3 21. gxf3 a5 22. Ne2 Nxa4 23. Bc1 b5 24. Ba2 Nc5 25. f4 Nfxe4 26. fxe5 Re8 27. Nf4 Kg7 28. Be3 Be7 29. e6 fxe6 30. Nxe6+ Nxe6 31. Bxe6 Bc5 32. Bxc5 Nxc5 33. Bg4 h5 34. Bf3 Re6 35. Rd8 Na4 36. Rd7+ Kf6 37. b3 Nc3 38. Ra7 Ne2+ 39. Kg2 Nd4 40. Rxa5 Nxc2 41. Ra8 Nd4 42. Rc8 Re5 43. b4 Rg5+ 0-1

[Event "CZE-chT2C 1112"]
[Site "Czech Republic"]
[Date "2012.03.04"]
[Round "9.8"]
[White "Matonoha, Ctirad"]
[Black "Braun, Tomas"]
[Result "1-0"]
[WhiteElo "2017"]
[BlackElo "1777"]
[PlyCount "69"]
[EventDate "2011.10.09"]
[EventType "team-tourn"]
[EventRounds "11"]
[EventCountry "CZE"]
[SourceTitle "EXT 2013"]
[Source "ChessBase"]
[SourceDate "2012.11.22"]
[SourceVersion "1"]
[SourceVersionDate "2012.11.22"]
[SourceQuality "1"]
[WhiteTeam "Horice"]
[BlackTeam "Liberec"]
[WhiteTeamCountry "CZE"]
[BlackTeamCountry "CZE"]

1. e4 e5 2. Nf3 Nc6 3. Bb5 a6 4. Ba4 Nf6 5. 0-0 b5 6. Bb3 Be7 7. Re1 d6 8. h3 0-0 9. c3 Bb7 10. d4 Re8 11. Ng5 Rf8 12. f4 h6 13. Nf3 Nd7 14. Bd5 Bf6 15. Nbd2 Rb8 16. Nf1 Ne7 17. Bb3 Re8 18. Ng3 Ng6 19. f5 Nf4 20. Be3 Bh4 21. Nxh4 Qxh4 22. Kh2 Nf6 23. d5 Rbd8 24. Rc1 c5 25. a4 Ra8 26. Bc2 Bc8 27. Nh1 N6h5 28. Bf2 Qg5 29. g3 g6 30. gxf4 Qxf4+ 31. Kg2 Qg5+ 32. Qg4 Nf4+ 33. Kf3 Qf6 34. Ra1 Bd7 35. Bh4 1-0

[Event "CZE-chT2C 1112"]
[Site "Czech Republic"]
[Date "2012.02.19"]
[Round "8.7"]
[White "Matonoha, Ctirad"]
[Black "Novotny, Jaroslav"]
[Result "0-1"]
[WhiteElo "2017"]
[BlackElo "2173"]
[PlyCount "56"]
[EventDate "2011.10.09"]
[EventType "team-tourn"]
[EventRounds "11"]
[EventCountry "CZE"]
[SourceTitle "EXT 2013"]
[Source "ChessBase"]
[SourceDate "2012.11.22"]
[SourceVersion "1"]
[SourceVersionDate "2012.11.22"]
[SourceQuality "1"]
[WhiteTeam "Horice"]
[BlackTeam "Jicin II"]
[WhiteTeamCountry "CZE"]
[BlackTeamCountry "CZE"]

1. e4 c5 2. Nf3 e6 3. d4 cxd4 4. Nxd4 Nf6 5. Bd3 Nc6 6. Be3 d5 7. exd5 Nxd5 8. Nxc6 bxc6 9. Bd2 Rb8 10. c4 Nb4 11. Be4 f5 12. Bc2 Nd3+ 13. Bxd3 Qxd3 14. b3 Qe4+ 15. Kf1 Bc5 16. Nc3 Qh4 17. Qf3 0-0 18. Bf4 Rb7 19. Rd1 Rd7 20. Ke2 e5 21. g3 Qf6 22. Be3 Bd4 23. Bxd4 exd4 24. Na4 f4 25. Rhe1 Qg6 26. Kf1 Rdf7 27. Rd2 Qh6 28. Re4 fxg3 0-1

[Event "CZE-chT2C 1112"]
[Site "Czech Republic"]
[Date "2012.01.22"]
[Round "6.8"]
[White "Stejskal, Pavel"]
[Black "Matonoha, Ctirad"]
[Result "1/2-1/2"]
[WhiteElo "2049"]
[BlackElo "2017"]
[PlyCount "104"]
[EventDate "2011.10.09"]
[EventType "team-tourn"]
[EventRounds "11"]
[EventCountry "CZE"]
[SourceTitle "EXT 2013"]
[Source "ChessBase"]
[SourceDate "2012.11.22"]
[SourceVersion "1"]
[SourceVersionDate "2012.11.22"]
[SourceQuality "1"]
[WhiteTeam "Kobylisy"]
[BlackTeam "Horice"]
[WhiteTeamCountry "CZE"]
[BlackTeamCountry "CZE"]

1. d4 Nf6 2. Nf3 d5 3. c4 e6 4. Nc3 Be7 5. Bg5 0-0 6. e3 Nbd7 7. Qc2 a6 8. Rc1 dxc4 9. Bxc4 b5 10. Bd3 Bb7 11. Qe2 c5 12. 0-0 Rc8 13. Rfd1 Qb6 14. dxc5 Nxc5 15. Bc2 b4 16. Na4 Nxa4 17. Bxa4 Qa5 18. Bxf6 Bxf6 19. Bb3 Qh5 20. Rc4 a5 21. Rxc8 Rxc8 22. Bc4 Bxf3 23. gxf3 Be5 24. Qd3 g6 25. b3 Bxh2+ 26. Kg2 Bc7 27. Qe4 Qh2+ 28. Kf1 Qe5 29. Qh4 Bb6 30. Rd7 Bc5 31. Rd8+ Rxd8 32. Qxd8+ Bf8 33. Kg2 Kg7 34. Qd7 h5 35. f4 Qe4+ 36. Kg3 g5 37. fxg5 Qg4+ 38. Kh2 Qh4+ 39. Kg2 Qxg5+ 40. Kh3 Qf5+ 41. Kg2 Qe5 42. Qd4 Qxd4 43. exd4 Kg6 44. f4 Bh6 45. Kf3 Kf5 46. Bd3+ Kf6 47. Bc4 h4 48. Bf1 Ke7 49. Ke4 Kd6 50. Bg2 f6 51. Bh3 f5+ 52. Ke3 Bg7 1/2-1/2